[Event "Match 72__120'/40"]
[Site "Zurich"]
[Date "2022.??.??"]
[Round "45"]
[White "CXG Sphinx Legend"]
[Black "Mephisto MM II"]
[Result "1/2-1/2"]
[WhiteElo "1816"]
[BlackElo "1815"]
[Annotator "KUT"]
[PlyCount "74"]
[EventDate "2022.??.??"]

{[%evp 0,74,19,31,19,23,59,34,25,24,8,-4,11,-17,9,-8,43,55,43,44,86,15,46,42,37,58,38,13,22,14,28,28,43,41,41,2,118,110,112,99,96,39,40,31,32,23,56,64,60,79,79,46,38,40,47,-44,-60,-87,0,-43,0,-18,0,-52,0,0,0,0,0,0,0,0,0,0,0,0,0]} 1. d4 d5 {Match 72: 120'/40+60'/20+30' | Bediener: Rolf Bühler | 45. Partie: remis | Zwischenstand: 23-22 (51,1%) für MM II | Die sich aus dem Angenommenen Slawisch ergebende Partie enthält in allen Phasen viele Feinheiten, die beide Programme nicht erkennen können. Das Remis ist deshalb gerechtfertigt, auch wenn der Mephisto MM II wenige Züge vor Partieende mit einem undurchsichtigen Angriff den Sieg hätte holen können. Doch gibt sich das schwedische Programm von Ulf Rathsman durch ein Scheinopfer seines Läufers dann mit Zugwiederholung zufrieden.} 2. Nf3 c6 3. c4 Nf6 4. Nc3 dxc4 {Dr. Max Euwe, Theorie der Schacheröffnungen: Die charakteristische Stellung des Angenommenen Slawisch. Diese Eröffnung ist die wichtigste im ganzen Slawischen Damengambit. Wir sehen beide Parteien zielbewusster operieren als im abgelehnten Slawischen Damengambit: Das unnötige Einschliessen des Lc1 bzw. des Lc8 wird vermieden, und eine verfrühte Entwicklung des Lf5 kommt ebenfalls nicht zustande. Die Variante des Angenommenen Slawisch sind durch ein sehr klares positives Kennzeichen miteinander verbunden und ergeben deshalb eine leicht zu unterscheidende Untergruppe des Slawischen Damengambits. Das Angenommene Slawisch wurde schon 1910 von Alapin propagiert, aber ohne viel Erfolg. Man hielt dieser Eröffnung im allgemeinen für ungünstig für Schwarz. Erst als es Aljechin ungefähr 1922 gelang, wichtige Verstärkungen für Schwarz zu finden, wurde diese Eröffnung sehr gebräuchlich. Ihre Theorie wurde in den drei Zweikämpfen um die Weltmeisterschaft bedeutend bereichert: Aljechin-Bogoljubow 1929, Aljechin-Euwe 1935 und Aljechin-Euwe 1937. Heute sind es besonders Weltmeister Petrosjan und Exweltmeister Smyslow, die sich regelmässig des Angenommenen Slawisch bedienen und dessen Verlässlichkeit in ihren Partien deutlich unterstreichen.} 5. a4 Bf5 {Dr. Max Euwe, Theorie der Schacheröffnungen: Hier ist dieser Kernzug der Slawischen Verteidigung ohne Risiko. Ja, es ist sogar die einzig logische Fortsetzung. Da Schwarz das Zentrum mit 4...dxc4 aufgegeben hat, muss er danach trachten, den weissen e-Bauern nicht ohne weiteres nach e4 zu lassen.} 6. Ne5 {Dr. Max Euwe, Theorie der Schacheröffnungen: "Auf dieser Weise erobert Weiss den Gambitbauern und bereitet zugleich e2-e4 vor. Man hielt diese scharfe Methode eine geraume Zeit für die beste, die dem Weissen zur Verfügung steht. Gegenwärtig ist der Textzug allerdings weniger gebräuchlich." Seit 1966 hat sich viel verändert, weshalb der australische GM Max Illingworth in einem Partiekommentar folgendes schreibt: "This variation (preparing f3/e4) is still the main trend in the 4...dxc4 Main Line Slav, though it should be said that 5...e6 and 6.e3, both of which I've analysed before, are not far behind in the popularity stakes."} Nbd7 {***ENDE BUCH***} 7. Nxc4 {***ENDE BUCH***} c5 {Vom Eröffnungsbuch bereits im Stich gelassen, produziert Schwarz eine ungewöhnliche Fortsetzung, aber keine Neuerung, wie ich feststellen musste. Weitaus am üblichsten sind heute die Züge 8...Dc7 und 8...Sb6.} 8. Bg5 {Harmlos: nur mit 8.d5 konnte versucht werden, die Initiative früher als gewöhnlich an sich zu reissen.} (8. e3 e6 9. Be2 Be7 10. O-O O-O 11. Qb3 Rb8 12. Rd1 Nd5 13. e4 Nxc3 14. Qxc3 Bxe4 15. dxc5 Bd5 16. Ne3 Bf6 17. Qc2 Bc6 18. Ng4 Qe7 19. Be3 Rbc8 20. Nxf6+ Qxf6 21. b4 Ne5 22. Rac1 h6 23. b5 Bd5 24. Qc3 Qf5 25. Bd4 Qe4 26. Bf1 f6 27. Re1 Qg6 28. Bxe5 fxe5 29. Qxe5 Rf5 30. Qe3 Rcf8 31. c6 b6 32. a5 bxa5 33. Qxa7 Bxg2 34. Bxg2 Rg5 35. Qe3 Rxg2+ 36. Kh1 Rfxf2 37. Qxe6+ Qxe6 38. Rxe6 Rxh2+ 39. Kg1 Rhg2+ 40. Kh1 Rh2+ 41. Kg1 {½-½ (41) Garzon Sanchez,J (2165)-Brugarolas Manzaneque,C (2160) Barcelona 1996}) 8... Qc7 $6 {Auf unbekannten Pfaden wandelnd, findet Schwarz nicht die beste Antwort.} ({Nach} 8... cxd4 $1 9. Qxd4 h6 $11 {hätte Weiss jeglichen Eröffnungsvorteil bereits ausgeträumt.}) 9. Nb5 {Hier war 9.d5 noch stärker und Weiss stünde prächtig.} Qb8 10. Bxf6 $6 {Die CXG Sphinx Legend sieht nur, dass aus ihrer Sicht das etwas schwächende 10...gxf6 erzwungen ist, weil ansonsten der c5-Bauer hängt. Von daher also verständlich, umso mehr, als kein Oldie auf die Idee käme, die schliesslich doch stärkere Antwort 10...Sxf6 in Betracht zu ziehen. Mit übermenschlich agierenden Engines im Hintergrund, ist es einfach, das Gegenteil zu behaupten. Doch hätten hier selbst starke Schachspieler grosse Mühe, das zu erkennen, wobei diese natürlich nie in eine solche Stellung geraten würden.} gxf6 {Nach 10...Sxf6! wird für Weiss eine Gewinnerwartung von 56% angezeigt, nach dem Textzug aber 83%.} ({Leptir 221222-avx2:} 10... Nxf6 11. dxc5 g6 12. g3 Bg7 13. Bg2 O-O 14. O-O a6 15. Nc3 Qc7 16. b4 Rad8 17. Qc1 Rd4 18. Ne3 Be6 19. Qa3 Bh6 20. Rad1 Bxe3 21. fxe3 Rxd1 22. Rxd1 a5 23. Ne4 Nxe4 24. Bxe4 Qe5 25. Qd3 axb4 26. Qd4 Qxd4 27. exd4 Ra8 28. Bxb7 Rxa4 29. d5 Bh3 30. c6 b3 31. Rb1 Rb4 32. Kf2 Bf5 33. Rb2 Kg7 34. Ke3 Kf6 35. Ba6 Ke5 36. c7 Kxd5 37. c8=Q Bxc8 38. Bxc8 {[%eval 63,43] [%wdl 152,848,0]}) 11. dxc5 (11. d5 {bereitet Schwarz mehr Probleme.}) 11... Nxc5 12. e3 Bd7 $6 {Gegen die normale Entwicklung mit 12...e6 sprach doch gar nichts.} 13. Qd5 $6 {Ein pseudo aktives, aber nicht berechtigtes Manöver der Dame. So geht jedenfalls der weisse Vorteil in die Binsen.} Bxb5 14. Qxc5 {Noch etwas besser war axb5.} Bc6 15. Na5 e5 $6 (15... e6 {ist stärker} 16. Nxc6 Bxc5 17. Nxb8 Bb4+ 18. Kd1 Rxb8 $11 {mit gleichem Spiel.}) 16. Qc3 Bd7 17. Bd3 {Sowohl Lb5 als auch Lc4 machen einen besseren Eindruck. Doch hat Weiss die klare Idee, Le4 folgen zu lassen, was ihm anscheinend die deutlich bessere Stellung gibt. Aber das ist ein für das Programm nicht erkennbarer Irrtum.} f5 {Schwarz begegnet der scheinbaren Gefahr auf übliche Art und Weise. Dabei gab es zwei bessere Wege.} (17... Qd6 {denn nun wäre} 18. Be4 $2 {ein Fehler wegen} Rc8 19. Nxb7 Qb6 20. Qd3 f5 $1 21. Bd5 Bb4+ {und Schwarz steht auf Gewinn.}) (17... Qc8 18. Bc4 b6 19. Nb3 a5 20. O-O Bb4 21. Qd3 Be6 $11) 18. O-O Bd6 19. e4 f4 20. Rfc1 {Dieser Turm gehört nach d1 und der andere Turm auf c1.} (20. Rfd1 $1 O-O 21. Bc4 Bg4 22. Rd2 b6 23. Nc6 Qc7 24. Rc1 a5 25. h3 $16) 20... O-O 21. Qb3 b6 22. Nc6 Bxc6 23. Rxc6 Rc8 24. Rxc8+ Qxc8 25. Qd5 Qf8 $11 {Nun gestaltet sich die Partie wieder ausgeglichen.} 26. Rc1 Rd8 27. Qb5 Bc5 28. Rc2 $6 {Das gereicht gar Schwarz zum Vorteil, was nach Td1 oder b4 nicht der Fall gewesen wäre.} Qg7 {Verpasst es, mit 28...Td4 die Initiative zu ergreifen, aber Schwarz denkt nur an ...f3 mit Mattdrohung auf g2.} 29. Rc3 {Es war Zeit, in den Verteidigungsmodus zu schalten.} (29. Bf1 Qg4 30. Qe2 $11) 29... f3 {Etwas zu früh.} ({Mit} 29... Qg5 30. Be2 Rd4 31. Rh3 Qf6 32. Qb3 Qc6 {hätte Schwarz auf Vorteil spielen können.}) 30. g3 {Aus Sicht unserer Oldies natürlich die einzige Verteidigung. Genauer, wenn auch gefährlich aussehend, ist indessen 30.Lf1 usw.} (30. Bf1 {denn} fxg2 $6 {wäre nicht gut nach} 31. Rg3 gxf1=Q+ 32. Kxf1 Qg6 33. b4 Bd4 34. Qc6 Kf8 35. Rxg6 hxg6 36. Kg2 {und Schwarz wird sich plagen müssen, um das Remis zu erreichen.}) 30... Qh6 {Jetzt muss sich Weiss schon selbst ins Remis retten. [#]} 31. Bc4 $2 {Kurz vor Partieende noch ein entscheidender Fehler, den der Gegner indessen nicht auzunutzen vermag.} (31. Bf1 $1 Bxf2+ $5 32. Kxf2 Rd2+ 33. Be2 {erzwungen} fxe2 (33... Rxe2+ 34. Kxf3 Rxh2 35. Rc8+ Kg7 36. Qxe5+ Qf6+ 37. Qxf6+ Kxf6 $11) 34. Rc8+ Kg7 35. Qxe5+ Qf6+ 36. Qxf6+ Kxf6 37. Rc7 e1=Q+ 38. Kxe1 Rxb2 39. Rxa7 Rxh2 $11) 31... Bxf2+ $2 {Ein Scheinopfer: der Mephisto MM II gibt sich mit Remis zufrieden.} (31... Rd1+ {gewinnt} 32. Bf1 Qh5 33. h4 Rd2 34. Rxc5 {mehr oder weniger erzwungen} bxc5 35. Qxc5 Rxb2 36. Qxa7 Rb1 37. Qe3 Qg6 38. Qd3 Re1 39. a5 Qxe4 40. Qd8+ Kg7 41. Qg5+ Qg6 $19) 32. Kxf2 Rd2+ 33. Kxf3 Qh5+ 34. Ke3 Qg5+ 35. Kf3 Qh5+ 36. Ke3 Qg5+ 37. Kf3 Qh5+ {*** 3x REMIS***} 1/2-1/2

[Event "Match 72__120'/40"]
[Site "Zurich"]
[Date "2022.??.??"]
[Round "46"]
[White "Mephisto MM II"]
[Black "CXG Sphinx Legend"]
[Result "0-1"]
[WhiteElo "1815"]
[BlackElo "1816"]
[Annotator "KUT"]
[PlyCount "99"]
[EventDate "2022.??.??"]

{[%evp 0,99,24,27,28,28,47,14,10,16,12,19,26,-8,-15,-9,-2,-45,-36,-39,-19,-54,-48,-33,-23,-42,-39,-97,-74,-85,-85,-81,-84,-83,-69,-72,-69,-62,-64,-157,-153,-153,-39,-110,-78,-67,-54,-52,-51,-58,-44,-142,-154,-184,-213,-223,-194,-171,-172,-172,-182,-182,-158,-164,-154,-187,-173,-212,-135,-242,-240,-315,-343,-552,-614,-647,-379,-409,-211,-296,-270,-384,-384,-379,-403,-401,-408,-408,-408,-408,-425,-414,-431,-439,-524,-778,-783,-29981,-29982,-29985,-29986,-29987]} 1. Nf3 Nf6 {Match 72: 120'/40+60'/20+30' | Bediener: Rolf Bühler | 46. Partie: Schwarz (CXG) gewinnt | Zwischenstand: 23-23 (50%) Unentschieden | Auf Umwegen entsteht so etwas wie die Schlechter-Variante in der Slawischen Verteidigung. Der zahme weisse Aufbau bringt dem Anziehenden keine Vorteile. Und sein sinnloses Spiel am Damenflügel dient nur dem Gegner, der einen lästigen Freibauer auf c3 etablieren kann. Als dann der Mephisto MM II mit 25.e5? sein Zentrum schwächt und dem gegnerischen Springer das Traumfeld d5 einräumt, geht die Partie langsam den Bach runter. Mit diesem Sieg hat die CXG Sphinx Legend das Match wieder ausgeglichen.} 2. d4 g6 {***ENDE BUCH***} 3. Nbd2 {***ENDE BUCH***} d5 {Wer nicht bei der Pirc-Verteidigung (nach 3...d6 4.e4) oder bei Königsindisch (nach 3...d6 4.c4) bleiben will, der greift am besten zu diesem Zug auf den zahmen weissen Aufbau.} 4. c4 c6 {Schwarz will von Grünfeld-Indisch mit 4...Lg7 5.cxd5 nichts wissen und leitet in die Slawische-Verteidigung, Schlechter-Variante, über.} 5. e3 Bg7 6. cxd5 cxd5 7. Bb5+ Bd7 8. Qb3 Nc6 (8... O-O 9. Bxd7 Qxd7 10. Ne5 Qc7 11. Ndf3 e6 12. Bd2 Ne4 13. Rc1 Nc6 14. Bb4 Rfc8 15. Nxc6 bxc6 16. Qa4 Qb6 17. O-O Qb5 18. Qxb5 cxb5 19. Nd2 Nxd2 20. Bxd2 Bf8 21. Rfd1 Bd6 22. Kf1 Kf8 23. Ke2 Ke7 24. h4 h5 25. Kd3 Kd7 26. g3 Rc4 27. b3 Rcc8 28. f4 f5 29. Be1 b4 30. Bd2 {½-½ (30) Fucak,E (2195)-Grbac,B (2130) Croatia 2017}) 9. O-O e6 {Da Weiss keinen Springer auf c3 und somit keinen Druck gegen d5 hat, ist die freiwillige Einschliessung des Läufers nicht notwendig und die sofortige kurze Rochade eher angebracht. Abgesehen davon, hätte man sich noch vor kurzer Zeit im Grabe umgedreht, wenn sich jemand erlaubt, nach einem Fianchetto seine schwarzen Felder mit e6 zu schwächen.} 10. Qa3 {Verhindert vorerst die kurze Rochade.} Bf8 11. Qd3 Bd6 {Die schwarze Stellung ist in Ordnung, dank des langsam wirkenden Aufbaus seines Gegners. Nach der kurzen Rochade könnte sich das Fehlen des Läufers auf g7 als Schwäche erweisen.} 12. a3 O-O 13. b4 {Am Damenflügel kann Weiss eigentlich gar keine Ambitionen haben. Dort steht es ja völlig gleich. Dagegen sieht 13.e4 viel systematischer aus.} a6 14. Bxc6 {Ein eher ungünstiger Tausch, hat danach doch der gegnerische weissfeldrige Läufer gute Perspektiven. Mit dem Rückzug 14.La4 vergibt sich Weiss nichts.} Bxc6 15. Qb3 Bb5 {Und schon steht Schwarz etwas bequemer.} 16. Re1 Rc8 (16... a5 $5 17. Bb2 axb4 18. axb4 Qb6 19. Ne5 Rfc8 $17 {und Schwarz hat seine Stellung gar noch verbessern können.}) 17. Bb2 Bc4 $6 {Ein positioneller Missgriff, der dem Gegner wieder entgegenkommt.} (17... Ne4 $17 {und Schwarz bleibt im Vorteil.}) 18. Nxc4 dxc4 {Die meisten Spieler würden zu 18...Txc4 greifen, denn nun könnte die weisse Bauernmehrheit im Zentrum agil werden.} 19. Qa4 $2 {Hier hat die Dame wirklich nichts verloren. Sie gehört demnach auf c2, was den schwarzen Freibauer unter Kontrolle hält.} c3 20. Bc1 {Die schwarze Stellung muss schon fast als gewonnen eingeschätzt werden; zumindest im praktischen Spiel dürfte es für Weiss enorm schwierig sein, noch standzuhalten.} Qe8 $2 {Verdirbt seine Gewinnstellung, wobei klar ist, dass die CXG den schwierigen Siegespfad nie hätte finden können, wie das Beispiel einer möglichen Variante zeigt.} (20... Ne4 21. b5 g5 $1 22. bxa6 bxa6 23. Qxa6 g4 24. Ne5 Bxe5 25. dxe5 c2 26. Qe2 f5 27. exf6 Qxf6 28. Qxg4+ Kh8 29. f3 Rfd8 30. Qxe4 Qxa1 31. Qb4 Qf6 32. h3 Rd1 33. Kh2 Qd8 34. Bb2+ Kg8 35. Qg4+ Kf8 36. Re2 Qd6+ 37. f4 Qe7 38. Qh5 c1=Q 39. Bxc1 Rcxc1 {und gewinnt}) 21. Qxe8 Rfxe8 22. e4 Be7 23. Ra2 Rc4 24. Rc2 Kg7 $11 {Das Spiel ist verflacht und ausgeglichen.,} {[#]} 25. e5 $2 {Dieser strategische Fehler kommt einem Selbstmord gleich: der d4-Bauer wird rückständig und der schwarze Springer erhält das wunderbare Zentralfeld d5.} Nd5 26. g4 a5 {Erweiterung des Kampfplatzes nennt sich so etwas.} 27. bxa5 Ra4 28. Bg5 Rxa3 (28... Rxa5 {ist genauer} 29. Rb1 b6 30. Kf1 Rxa3 $19) 29. Rb1 Bb4 30. Ne1 Rb8 31. Nd3 Bxa5 {Bei deutlich besserer Stellung besitzt Schwarz jetzt einen Bauern mehr. Und auf lange Sicht gesehen, sind die beiden verbundenen schwarzen Freibauern am Damenflügel nicht zu bremsen.} 32. Nc5 Bb4 33. Bf6+ Kh6 $2 {Kein gutes Feld. Im schlimmsten Fall muss sich der schwarze König auf h6 noch gegen weisse Mattangriffe verteidigen.} 34. g5+ {Die falsche Wahl.} (34. Ne4 $1 {ist richtig und droht Sg3 gefolgt von g5 Matt.} g5 35. Bxg5+ Kg6 {und alles ist plötzlich nicht mehr so klar; auf jeden Fall wäre das für einen Oldie eine Stellung, die alles andere als einfach zu gewinnen wäre.}) 34... Kh5 35. Nd7 Rba8 36. Kf1 Ra2 37. Rbc1 Rxc2 38. Rxc2 Nxf6 {Tauscht einen Riesenspringer gegen einen "grossen Bauern", sprich total lahmen Läufer. Zum Glück für Schwarz genügt auch das noch für den Sieg. Einfacher war es, mit dem König nach e4 zu wandern und den d4-Bauer abzuholen.} 39. gxf6 b5 40. Nc5 {Alles andere verliert ebenso.} Bxc5 41. dxc5 b4 42. Ke2 Rc8 43. Ke3 Rxc5 {Der Rest ist Schweigen.} 44. Kd4 Rc8 45. Kd3 Kg4 46. Kd4 Kh3 47. f3 h6 48. Ra2 c2 49. Rxc2 Rxc2 50. f4 {***AUFGEGEBEN***} 0-1